Logo BPK

Biblioteka

Politechniki Koszalińskiej

Błędy mechanicznych przyrządów pomiarowych i elementów automatyki / (Rekord nr 2710)

Szczegóły MARC
000 -ETYKIETA REKORDU
podpole kontrolne o stałej długości 02113nam a2200577 i 4500
001 - NUMER KONTROLNY REKORDU
pole kontrolne 2710
003 - IDENTYFIKATOR NUMERU KONTROLNEGO REKORDU
podpole kontrolne KOSZ 005
005 - DATA OSTATNIEJ MODYFIKACJI REKORDU
podpole kontrolne 20250523063410.0
008 - POLE O STAŁEJ DŁUGOŚCI - DANE KONTROLNE
podpole kontrolne o stałej długości 200518s1985 pl a f 000 0 pol
015 ## - NUMER BIBLIOGRAFII NARODOWEJ
Numer bibliografii narodowej UWD 1985/7439
035 ## - NUMER SYSTEMOWY
Numer systemowy przejętego rekordu 991008313349705066
035 ## - NUMER SYSTEMOWY
Numer systemowy przejętego rekordu (PL-WaBN)b12144708-48omnis_nlop
035 ## - NUMER SYSTEMOWY
Numer systemowy przejętego rekordu b12144708
035 ## - NUMER SYSTEMOWY
Numer systemowy przejętego rekordu (OCoLC)749867150
035 ## - NUMER SYSTEMOWY
Numer systemowy przejętego rekordu (PL)b0000001214470
035 ## - NUMER SYSTEMOWY
Numer systemowy przejętego rekordu (EXLNZ-48OMNIS_NETWORK)9910075952105606
040 ## - ŹRÓDŁO KATALOGOWANIA
Instytucja, która sporządziła opis WA N
Instytucja, która utworzyła rekord WA N
Instytucja, która dokonała modyfikacji KOSZ 005/AR
046 ## - DATY KODOWANE
Pojedyncza data lub początek okresu powstania dzieła lub zbioru dzieł 1985
080 ## - UNIWERSALNA KLASYFIKACJA DZIESIĘTNA - UKD
UKD 681.2
080 ## - UNIWERSALNA KLASYFIKACJA DZIESIĘTNA - UKD
UKD 681.5
080 ## - UNIWERSALNA KLASYFIKACJA DZIESIĘTNA - UKD
UKD (075.8)
100 1# - NAZWA OSOBOWA
Nazwa osobowa Tarnowski, Wojciech
Daty związane z nazwą (1936-2024)
Określenie rodzaju współpracy Autor
245 10 - TYTUŁ/ODPOWIEDZIALNOŚĆ
Tytuł Błędy mechanicznych przyrządów pomiarowych i elementów automatyki /
Pozostałe elementy strefy tytułu i oznaczenia odpowiedzialności Wojciech Tarnowski.
250 ## - STREFA WYDANIA
Oznaczenie wydania Wydanie 2.
260 ## - STREFA ADRESU WYDAWNICZEGO
Miejsce wydania Gliwice :
Nazwa wydawcy/dystrybutora Dział Wydawnictw Politechniki Śląskiej,
Data publikacji, dystrybucji/powstania dokumentu 1985.
300 ## - STREFA OPISU FIZYCZNEGO
Objętość 136, [1] strona :
Inne cechy fizyczne ilustracje ;
Rozmiary 24 cm.
336 ## - TYP ZAWARTOŚCI
Termin opisujący typ zawartości Tekst
Kod określający zawartość txt
Źródło (terminu i kodu) rdacontent
337 ## - TYP MEDIÓW
Tryb odtwarzania Bez urządzenia pośredniczącego
Kod typu mediów n
Źródło (terminu i kodu) rdamedia
338 ## - TYP/RODZAJ NOŚNIKA
Hasło opisujące typ nośnika Wolumin
Kod typu nośnika nc
Źródło (terminu i kodu) rdacarrier
380 ## - FORMA I TYP PUBLIKACJI
Forma i typ publikacji Książki
380 ## - FORMA I TYP PUBLIKACJI
Forma i typ publikacji Publikacje naukowe
380 ## - FORMA I TYP PUBLIKACJI
Forma i typ publikacji Publikacje dydaktyczne
385 ## - ODBIORCA
Kategoria grupowa odbiorcy Poziom nauczania
Odbiorca Szkoły wyższe
388 ## - CZAS POWSTANIA
Czas powstania 1901-2000
388 ## - CZAS POWSTANIA
Czas powstania 1945-1989
490 1# - STREFA SERII I DOKUMENTU WIELOCZĘŚCIOWEGO - FORMA NIE DO WYSZUKIWANIA
Tytuł i oznaczenie odpowiedzialności serii Skrypty Uczelniane / Politechnika Śląska im. W. Pstrowskiego,
ISSN 0434-0825 ;
Numeracja w obrębie serii nr 1207
500 ## - UWAGI OGÓLNE
Tekst uwagi Na okładce: 40-lecie Politechniki Śląskiej.
504 ## - UWAGA DOTYCZĄCA BIBLIOGRAFII
Informacje o bibliografii Bibliografia na stronie [137].
521 ## - UWAGA DOTYCZĄCA PRZEZNACZENIA CZYTELNICZEGO
Przeznaczenie czytelnicze Skrypt przeznaczony dla studentów Wydziału Automatyki i Informatyki.
650 #7 - HASŁO PRZEDMIOTOWE W FORMIE NAZWY OGÓLNEJ LUB JEDNOSTKOWEJ
Nazwa ogólna lub geograficzna Automatyka
Źródło hasła lub terminu DBN
650 #7 - HASŁO PRZEDMIOTOWE W FORMIE NAZWY OGÓLNEJ LUB JEDNOSTKOWEJ
Nazwa ogólna lub geograficzna Przyrządy pomiarowe
Źródło hasła lub terminu DBN
650 #7 - HASŁO PRZEDMIOTOWE W FORMIE NAZWY OGÓLNEJ LUB JEDNOSTKOWEJ
Nazwa ogólna lub geograficzna Pomiary
650 #7 - HASŁO PRZEDMIOTOWE W FORMIE NAZWY OGÓLNEJ LUB JEDNOSTKOWEJ
Nazwa ogólna lub geograficzna Błędy
655 #7 - TERMIN INDEKSOWY - OKREŚLENIE RODZAJU/FORMY DOKUMENTU
Określenie rodzaju/formy dokumentu Podręczniki akademickie
Źródło terminu DBN
658 ## - TERMIN INDEKSOWY - PRZEDMIOT PROGRAMU NAUCZANIA
Główny przedmiot programu nauczania Inżynieria i technika
710 2# - HASŁO DODATKOWE - NAZWA CIAŁA ZBIOROWEGO
Kod określenia powiązania pbl
Nazwa ciała zbiorowego lub jednostki geograficznej Wydawnictwo Politechniki Śląskiej
830 #0 - HASŁO DODATKOWE SERII LUB DOKUMENTU WIELOCZĘŚCIOWEGO - TYTUŁ UJEDNOLICONY
Tytuł ujednolicony Skrypty Uczelniane - Politechnika Śląska im. Wincentego Pstrowskiego,
Oznaczenie tomu nr 1207
856 ## - LOKALIZACJA I DOSTĘP DO ELEKTRONICZNYCH DOKUMENTÓW ZDALNYCH
Link (URL) http://koha.tu.koszalin.pl/cgi-bin/koha/opac-detail.pl?biblionumber=2710
Tekst linku Katalog online BPK
942 ## - DODATKOWE ELEMENTY (KOHA)
Schemat klasyfikacji Uniwersalna Klasyfikacja Dziesiętna
Typ dokumentu Książka
Egzemplarze
Wycofany Status egzemplarza Uszkodzony Dostępność Lokalizacja stała Lokalizacja bieżąca Miejsce przechowywania Sygnatura Kod kreskowy Typ dokumentu Ostatnio wypożyczono
      Dostępny Biblioteka Politechniki Koszalińskiej Biblioteka Politechniki Koszalińskiej Wypożyczalnia BG P 35053 09105751 Książka  
      Dostępny Biblioteka Politechniki Koszalińskiej Biblioteka Politechniki Koszalińskiej Wypożyczalnia BG P 35054 01884180 Książka  
      Dostępny Biblioteka Politechniki Koszalińskiej Biblioteka Politechniki Koszalińskiej Wypożyczalnia BG P 35055 09105799 Książka 21.02.2013
      Dostępny Biblioteka Politechniki Koszalińskiej Biblioteka Politechniki Koszalińskiej Wypożyczalnia BG P 35056 01534122 Książka  
      Dostępny Biblioteka Politechniki Koszalińskiej Biblioteka Politechniki Koszalińskiej Wypożyczalnia BG P 35057 09105805 Książka  
© 2023 Biblioteka Politechniki Koszalińskiej :: KOHA